| 000 | 00855nam a2200241 u 4500 | ||
|---|---|---|---|
| 005 | 20210223132908.0 | ||
| 008 | 160428s2015 r 000 0 eng d | ||
| 020 | _a9786079419394 | ||
| 035 | _aUPN01000209899 | ||
| 049 | _aCG | ||
| 050 | 4 |
_aKGF4446 _bH4.2 2015 |
|
| 100 | 1 |
_aHernández, María del Pilar _938767 |
|
| 245 | 1 | 0 |
_aDerechos del personal de salud / _cMaría del Pilar Hernández. |
| 250 | _a3a ed. | ||
| 260 |
_aMéxico : _bINEHRM : _bUNAM, Instituto de Investigaciones Jurídicas, _c2015. |
||
| 300 | _axix, 51 p. | ||
| 440 | 0 |
_aBiblioteca constitucional. _pNuestros derechos |
|
| 650 | 4 |
_aPERSONAL DE SALUD PUBLICA - _xSITUACION LEGAL, LEYES, ETC. - _zMEXICO _914028 |
|
| 650 | 4 |
_aMEDICINA - _xLEYES Y LEGISLACION - _zMEXICO |
|
| 650 | 4 |
_aSALUD PUBLICA - _xLEYES Y LEGISLACION - _zMEXICO _923025 |
|
| 905 | _aLibro | ||
| 999 |
_c182000 _d182000 |
||